00535nam a2200145 a 4500001001000000003000900010005001700019008004100036040002500077245013100102260003100233300002000264500006800284700003700352000031666DO-SdBNP20210630095505.0110629s1995 dr 000 0 spa d aDO-SdBNPbspacBNPHU00aRecopilación poética sobre el Dr. Joaquín Balaguer Ricardo y otros versos /ccompilador Hungría Vásquez Hernández. aNew York :b[s.n.],c1995. a42 p. ;c22 cm. aIncluye datos biográficos del compilador en la comtracubierta1 aVásquez Hernández, Hungría